Грануляция сульфата амония: Отчет о НИР; Тема: х/д № 24/63

Detalles Bibliográficos
Autor Corporativo: Томский политехнический институт (ТПИ) (595)
Otros Autores: Витюгин В. М. Виктор Моисеевич (руководитель), Фукс О. А. (исполнитель)
Lenguaje:ruso
Publicado: Томск, 1964
Materias:
Formato: Libro
KOHA link:https://koha.lib.tpu.ru/cgi-bin/koha/opac-detail.pl?biblionumber=189094

MARC

LEADER 00000nbm0a2200000 4500
001 189094
005 20231031175151.0
035 |a (RuTPU)RU\TPU\book\205407 
090 |a 189094 
100 |a 20101220d1964 k y0rusy50 ca 
101 0 |a rus 
102 |a RU 
105 |a a p 001zy 
200 1 |a Грануляция сульфата амония  |e Отчет о НИР  |e Тема: х/д № 24/63  |f Томский политехнический институт (ТПИ) ; руководитель В. М. Витюгин ; О. А. Фукс 
210 |a Томск  |d 1964 
215 |a 77 л. 
320 |a Библиогр.: с. 73-75. 
610 1 |a отчеты о НИР 
610 1 |a сульфат аммония 
610 1 |a грануляция 
610 1 |a сушка 
610 1 |a охлаждение 
610 1 |a кипящий слой 
675 |a 661.5  |v 3 
702 1 |a Витюгин  |b В. М.  |c российский химик-технолог  |c зав. кафедрой общей химической технологии Томского политехнического института  |f 1927-1989  |g Виктор Моисеевич  |2 stltpush  |3 (RuTPU)RU\TPU\pers\12387  |4 673 
702 1 |a Фукс  |b О. А.  |4 677 
712 0 2 |a Томский политехнический институт (ТПИ)  |c (1944-1991)  |2 stltpush  |3 (RuTPU)RU\TPU\col\1123  |4 595 
801 1 |a RU  |b 63413507  |c 20101220 
801 2 |a RU  |b 63413507  |c 20101220  |g RCR 
942 |c BK